Špecializácia a všeobecnosť v učebných plánoch univerzít v kontexte európskych akreditácií
Trojstupňové štúdium na slovenských vysokých školách a univerzitách. Snaha o kvalitnejší obsah výučby a vedy. Protichodné argumenty špecializácie a univerzality.
Guardado en:
| Autor principal: | |
|---|---|
| Formato: | Capítulo de libro |
| Lenguaje: | eslovaco |
| Materias: | |
| Etiquetas: |
Sin Etiquetas, Sea el primero en etiquetar este registro!
|
MARC
| LEADER | 00000nla$a2200000$$$4500 | ||
|---|---|---|---|
| 001 | 0090228 | ||
| 005 | 20240502072016.1 | ||
| 041 | 0 | |a slo | |
| 044 | |a SK | ||
| 245 | 1 | 0 | |a Špecializácia a všeobecnosť v učebných plánoch univerzít v kontexte európskych akreditácií |c Ivan Polášek |
| 520 | |a Trojstupňové štúdium na slovenských vysokých školách a univerzitách. Snaha o kvalitnejší obsah výučby a vedy. Protichodné argumenty špecializácie a univerzality. | ||
| 610 | 2 | 0 | |a vzdelávanie vysokoškolské |
| 610 | 2 | 0 | |a školy vysoké |
| 610 | 2 | 0 | |a univerzity |
| 610 | 2 | 0 | |a predmety učebné |
| 610 | 2 | 0 | |a špecializácia |
| 610 | 2 | 0 | |a akreditácia |
| 610 | 2 | 0 | |a kvalita |
| 100 | 1 | |a Polášek, Ivan | |